Giai thoại văn học Việt Nam Q.2
v.v...
Đã lưu trong:
| Tác giả chính: | |
|---|---|
| Định dạng: | Sách |
| Năm xuất bản: |
H.
Khoa học xã hội
2014
|
| Chủ đề: | |
| Tags: |
Thêm thẻ
Không có thẻ, Hãy là người đầu tiên gắn thẻ bản ghi này!
|
| LEADER | 00546nam a2200157 4500 | ||
|---|---|---|---|
| 082 | |a 398.209597 |b K309TH | ||
| 100 | |a Kiều Thu Hoạch | ||
| 245 | |a Giai thoại văn học Việt Nam |c Kiều Thu Hoạch |n Q.2 | ||
| 260 | |a H. |b Khoa học xã hội |c 2014 | ||
| 300 | |a 415 tr. |c 21 cm | ||
| 520 | |a v.v... | ||
| 653 | |a Văn học dân gian | ||
| 653 | |a Giai thoại | ||
| 942 | |2 ddc |c SH | ||
| 999 | |c 7893 |d 7893 | ||
| 952 | |0 0 |1 0 |2 ddc |4 0 |6 398_209597000000000_K309TH |7 0 |8 300 |9 68923 |a qbu |b qbu |c D2 |d 2015-03-27 |o 398.209597 K309TH |p 7681.c1 |r 0000-00-00 |w 2015-03-27 |y SH | ||